00568nam a22001817a 450000500170000001000150001702000260003203500130005803700130007108200110008410000240009524500920011926000360021127000500024730000200029750000490031770000200036620130513155151.0 aENG-107107 a9788188652389c500.00 aEN-90640 bDBAD/PUB a658.15 aChauhan, Pratapsinh10aFinancial management :cby Pratapsinh Chauhan [and] Ashvin Solankibtheory & problems / aHaryanabShanti Prakashanc2012 a1780, Sector-1, Delhi By-passbRohtake124001 a300p.c23cm(Hb) aIncludes bibliographical references and ndex dSolanki, Ashvin